Sports Quiz

Random Sports or Baseball Quiz

MLB - Every Manager Ever (NL West Edition) Quiz Stats

 Plays Quiz not verified by Sporcle

Challenge
Share
Tweet
Embed
Score 0/97 Timer 20:00
0 Plays Today
Hint Answer % Correct
LADTommy Lasorda
97.1%
LADDon Mattingly
97.1%
SDPBruce Bochy
94.3%
SFGBruce Bochy
94.3%
SFGDusty Baker
93.4%
SDPDick Williams
89.3%
ARIBob Brenly
88.9%
ARIKirk Gibson
86.5%
LADWalter Alston
86.5%
COLDon Baylor
85.7%
SDPBud Black
85.7%
COLClint Hurdle
85.2%
LADJoe Torre
83.6%
COLJim Tracy
81.6%
LADJim Tracy
81.6%
ARIBuck Showalter
77%
SFGFelipe Alou
77%
LADWilbert Robinson
76.6%
SDPRoger Craig
76.6%
SFGFrank Robinson
76.6%
SFGRoger Craig
76.6%
LADLeo Durocher
74.2%
LADDavey Johnson
74.2%
SFGLeo Durocher
74.2%
SFGJohn McGraw
68%
ARIBob Melvin
66.4%
COLWalt Weiss
65.2%
LADBill Russell
64.3%
LADGrady Little
60.2%
COLJim Leyland
59.4%
SDPJack McKeon
59%
ARIA.J. Hinch
55.7%
SFGHeinie Smith
55.3%
Hint Answer % Correct
SDPAlvin Dark
48.4%
SFGAlvin Dark
48.4%
SDPLarry Bowa
45.5%
COLBuddy Bell
45.1%
SFGMel Ott
45.1%
LADCasey Stengel
43.4%
SFGGeorge Davis
41.8%
SFGBill Terry
41.8%
SDPPreston Gomez
41%
SDPJim Riggleman
40.6%
LADGlenn Hoffman
38.9%
SDPJohn McNamara
31.1%
SDPDon Zimmer
30.3%
SFGCharlie Fox
29.9%
LADChuck Dressen
29.5%
SFGRogers Hornsby
29.5%
LADBurt Shotton
28.3%
ARIAl Pedrique
27.5%
SFGDave Bristol
27.5%
SFGJoe Altobelli
26.6%
SFGJim Davenport
26.6%
SFGHerman Franks
25.8%
SDPJerry Coleman
25.4%
SDPGreg Riddoch
25%
SDPFrank Howard
24.2%
SFGBill Rigney
23.8%
SFGClyde King
23.4%
SDPSteve Boros
22.5%
LADJohn Ward
19.7%
SFGJohn Ward
19.7%
SFGWes Westrum
18.4%
LADGeorge Taylor
17.2%
SFGDanny Ozark
16.4%
Hint Answer % Correct
SFGHughie Jennings
16%
SFGBuck Ewing
15.2%
SFGCap Anson
14.3%
LADNed Hanlon
13.9%
LADClyde Sukeforth
13.1%
LADMike Griffin
9.8%
LADBurleigh Grimes
9.4%
LADMax Carey
9%
LADDave Foutz
7.8%
LADCharlie Ebbets
7.8%
SFGJim Mutrie
7.8%
LADBill McGunnigle
7.4%
LADBill Dahlen
7%
SFGJack Doyle
7%
SDPBob Skinner
6.6%
SFGTom Sheehan
6.1%
SFGJim Price
5.7%
SFGHorace Fogel
5.7%
LADPatsy Donovan
4.9%
SFGBill Joyce
4.9%
SFGJohn Day
4.9%
LADHarry Lumley
4.5%
LADRay Blades
4.5%
SFGPat Powers
4.5%
LADCharlie Byrne
4.1%
SFGJohn Clapp
4.1%
SFGArthur Irwin
3.7%
LADCharlie Hackett
3.3%
LADBilly Barnie
3.3%
SFGHarvey Watkins
3.3%
SFGFred Hoey
3.3%

You're not logged in!

Compare scores with friends on all Sporcle quizzes.
Join for Free
OR
Log In

You Might Also Like...

Show Comments

Extras

Top Quizzes Today


Score Distribution

Your Account Isn't Verified!

In order to create a playlist on Sporcle, you need to verify the email address you used during registration. Go to your Sporcle Settings to finish the process.

Report this User

Report this user for behavior that violates our Community Guidelines.

Details: